Weihnachtslieder-Texte Quiz - Statistiken

Allgemein
  • Dieses Quiz wurde 254 mal gespielt
  • Das Durchschnittsergebnis liegt bei 9 aus 15
Antwortstatistiken
Frage Antwort % Korrekt
Wer oder was ist (lustig, lustig, tralalalala) bald da? Nikolausabend
94%
Wo herrscht "fröhliche Weihnacht"? überall
93%
Wer kommt morgen? der Weihnachtsmann
86%
Wer kommt alle Jahre wieder? das Christuskind
82%
Wer oder was klingt nie süßer? die Glocken
73%
Wer oder was ruht "still und starr"? der See
72%
Wo wohnt "Schneeflöckchen, Weißröckchen"? in den Wolken
72%
Was macht so mancher Knilch zwischen Mehl und Milch? eine riesengroße Kleckerei
71%
Wer oder was ist entsprungen? ein Ros'
70%
Wohin? auf die Erde nieder
54%
Wer wacht einsam? das traute, hochheilige Paar
38%
Was bringt der, der "vom Himmel hoch" her kommt? gute, neue Mär
28%
Bonus: What are we walking in? Winter Wonderland
26%
Wer "jauchzt dir Ehre"? himmlische Heere
18%
Wer oder was wird morgen in unserem Hause sein? welch ein Jubel, welch ein Segen
10%
Keine übereinstimmenden Quizze gefunden
Verteilung der Resultate
Anzahl Personen mit jedem Resultat
Perzentil nach korrekt beantworteten Fragen
Ihre Resultats-Entwicklung
Sie haben dieses Quiz noch nicht gespielt